| 000 | 00523nam a2200181Ia 4500 | ||
|---|---|---|---|
| 003 | SGT | ||
| 020 | _a9788120307803 | ||
| 082 |
_a4.6 _bBER |
||
| 100 | _aBertsekas, Dimitri | ||
| 245 | _aData networks | ||
| 250 | _a2nd Ed. | ||
| 260 |
_bPHI Learning Private Limited _aNew Delhi _c1992 |
||
| 300 | _a556p. | ||
| 650 | _aCOMPUTER SCIENCE | ||
| 653 | _aINTRODUCTION AND LAYERED NETWORK ARCHITECTURE,DELAY MODELS IN DATA NETWORKS, MULTI ACCESS COMMUNICATION ,FLOW CONTROL, | ||
| 700 | _aGallager, Robert | ||
| 942 |
_2ddc _cBK |
||
| 999 |
_c5101 _d5101 |
||